| 000 | 00349cam a22001217a 4500 | ||
|---|---|---|---|
| 008 | 180718b1968 xxu||||| |||| 00| 0 eng d | ||
| 082 | _aG25 P886 | ||
| 100 | _aPranjpaya, Harigopal | ||
| 245 |
_aSansdiya samiti - pratha _cby Harigopal Pranjpaya |
||
| 260 |
_aNew Delhi _bEducation Ministry _c1968 |
||
| 300 | _a252p. | ||
| 650 | _aLegislative Committees | ||
| 999 |
_c477335 _d477335 |
||